| 000 | 02918nam a22003737a 4500 | ||
|---|---|---|---|
| 005 | 2012041305395.0 | ||
| 008 | 080929t xxu||||| |||| 00| 0chin d | ||
| 010 | _aHIN-92096 B-460159-163 | ||
| 020 |
_a9788191096934 _c520.00 |
||
| 035 | _aHN-64442 B-460159-163 | ||
| 037 | _bDBAD / PUB | ||
| 037 | _bविर्चुअस पब्सिकेशंस | ||
| 040 |
_aDPL _bHN |
||
| 082 | _a327 | ||
| 100 |
_926640 _aवैश्य, हरीश कुमार |
||
| 245 |
_aअंतर्राष्ट्रीय संबंध / _bहरीश कुमार वैश्य |
||
| 246 |
_aAntrastriya samband _bby Harish kumar Veishya |
||
| 260 |
_aदिल्ली _bआर्या पब्लिकेशन्स _c2010 |
||
| 270 |
_aA-20,गली न.4, हरदेव पुरी 100 फुटा रोड़, पंजाब नैशनल बैंक के सामने, _bदिल्ली _e110093 _k011-22813582, 9013676475 _maarypub@yahoo.in |
||
| 300 |
_a296पृ. _c23सेमी (सजिल्द) |
||
| 650 | _9697 | ||
| 650 | _926674 | ||
| 650 | _9698 | ||
| 700 | _926643 | ||
| 710 | _926662 | ||
| 942 |
_2ddc _cHN _h327 _mवैश्यह |
||
| 999 |
_c51175 _d51175 |
||